[Event "Oberfranken-ch"]
[Site "Schney"]
[Date "2018.01.03"]
[Round "2"]
[White "Wagner, Norbert1111"]
[Black "Geisensetter, Franz"]
[Result "1-0"]
[WhiteElo "1878"]
[BlackElo "1971"]
[PlyCount "69"]
[EventDate "2018.01.03"]
[EventType "swiss"]
[EventRounds "7"]
[EventCountry "GER"]
[SourceTitle "CBM 182 Extra"]
[Source "ChessBase"]
[SourceDate "2018.02.23"]
[SourceVersion "1"]
[SourceVersionDate "2018.02.23"]
[SourceQuality "1"]

1. c4 e5 2. Nc3 Nf6 3. g3 Be7 4. Bg2 c6 5. d4 exd4 6. Qxd4 0-0 7. e4 d6 8. Nge2 Nbd7 9. 0-0 Ng4 10. h3 Nge5 11. b3 Qb6 12. Qd1 Rd8 13. Be3 Nc5 14. Nf4 Qc7 15. Qc2 Ne6 16. Nxe6 fxe6 17. Rad1 Nf7 18. f4 Bd7 19. Qf2 Qa5 20. Bd2 Qc7 21. b4 Bf6 22. g4 Qb6 23. c5 dxc5 24. bxc5 Qc7 25. e5 Be7 26. Ne4 Rf8 27. Bc3 Rad8 28. Nd6 b6 29. Kh1 bxc5 30. Qxc5 Qb6 31. Qxb6 axb6 32. Nb7 Be8 33. Nxd8 Nxd8 34. f5 h5 35. f6 1-0

[Event "Oberfranken-ch"]
[Site "Schney"]
[Date "2017.01.03"]
[Round "1"]
[White "Beier, Klaus"]
[Black "Geisensetter, Franz"]
[Result "1-0"]
[WhiteElo "2102"]
[BlackElo "2066"]
[PlyCount "69"]
[EventDate "2017.01.03"]
[EventType "swiss"]
[EventRounds "7"]
[EventCountry "GER"]
[SourceTitle "CBM 176 Extra"]
[Source "ChessBase"]
[SourceDate "2017.03.02"]
[SourceVersion "1"]
[SourceVersionDate "2017.03.02"]
[SourceQuality "1"]

1. d4 Nf6 2. Nf3 g6 3. Bf4 Bg7 4. e3 c5 5. c3 Qb6 6. Qb3 Qxb3 7. axb3 d6 8. dxc5 dxc5 9. Bxb8 Rxb8 10. Rxa7 0-0 11. Nbd2 Bf5 12. Bb5 Ra8 13. Ra4 Nd5 14. 0-0 Nb6 15. Raa1 Bd7 16. Bxd7 Nxd7 17. Rfd1 b5 18. Kf1 b4 19. Ne4 Nb6 20. c4 Bxb2 21. Rxa8 Rxa8 22. Nxc5 Kf8 23. Nd4 Ra5 24. Nb5 Bc3 25. Rd8+ Kg7 26. Rb8 Na8 27. Na4 Be5 28. Rb7 Kf6 29. f4 Ba1 30. c5 Ra6 31. Nb6 g5 32. Nxa8 Rxa8 33. c6 gxf4 34. exf4 Ke6 35. Nc7+ 1-0

[Event "Oberfranken-ch"]
[Site "Schney"]
[Date "2016.01.05"]
[Round "6"]
[White "Geisensetter, Franz"]
[Black "Freyer, Guido"]
[Result "0-1"]
[WhiteElo "2065"]
[BlackElo "1841"]
[PlyCount "50"]
[EventDate "2016.01.03"]
[EventType "swiss"]
[EventRounds "7"]
[EventCountry "GER"]
[SourceTitle "CBM 170 Extra"]
[Source "ChessBase"]
[SourceDate "2016.02.25"]
[SourceVersion "1"]
[SourceVersionDate "2016.02.25"]
[SourceQuality "1"]

1. e4 Nf6 2. e5 Nd5 3. d4 d6 4. c4 Nb6 5. f4 dxe5 6. fxe5 Nc6 7. Be3 Bf5 8. Nf3 h6 9. Be2 e6 10. 0-0 Be7 11. Nc3 0-0 12. a3 Qd7 13. d5 Na5 14. Bxb6 axb6 15. b4 f6 16. bxa5 fxe5 17. Nxe5 Qd6 18. Nf3 Bf6 19. Rc1 Qxa3 20. Nb5 Qe3+ 21. Kh1 Bb2 22. Rc2 Bxc2 23. Qxc2 Be5 24. Re1 Rxf3 25. gxf3 Qf2 0-1

[Event "Oberfranken-ch"]
[Site "Schney"]
[Date "2015.01.04"]
[Round "4"]
[White "Geisensetter, Franz"]
[Black "Leicht, Gerhard"]
[Result "1-0"]
[WhiteElo "2084"]
[BlackElo "1765"]
[PlyCount "33"]
[EventDate "2015.01.03"]
[EventType "swiss"]
[EventRounds "7"]
[EventCountry "GER"]
[SourceTitle "CBM 164 Extra"]
[Source "ChessBase"]
[SourceDate "2015.03.02"]
[SourceVersion "1"]
[SourceVersionDate "2015.03.02"]
[SourceQuality "1"]

1. e4 c5 2. Nf3 e6 3. c3 d5 4. e5 Nc6 5. d4 Qb6 6. Be2 Bd7 7. 0-0 Rc8 8. dxc5 Bxc5 9. b4 Bf8 10. a3 Nge7 11. c4 dxc4 12. Bxc4 Ng6 13. Bb2 Nxb4 14. Bxe6 Bxe6 15. axb4 Bxb4 16. Bd4 Qc7 17. Qa4+ 1-0

[Event "GER-chA Seniors 26th"]
[Site "Bad Neuenahr"]
[Date "2014.08.11"]
[Round "7"]
[White "Geisensetter, Franz"]
[Black "Haselhorst, Helmut"]
[Result "0-1"]
[WhiteElo "2077"]
[BlackElo "2093"]
[PlyCount "34"]
[EventDate "2014.08.05"]
[EventType "swiss"]
[EventRounds "9"]
[EventCountry "GER"]
[SourceTitle "EXT 2018"]
[Source "ChessBase"]
[SourceDate "2017.10.13"]
[SourceVersion "1"]
[SourceVersionDate "2017.10.13"]
[SourceQuality "1"]

1. e4 Nf6 2. e5 Nd5 3. c4 Nb6 4. d4 d6 5. Nf3 Bg4 6. Qb3 e6 7. h3 Bxf3 8. Qxf3 Nc6 9. Qe4 dxe5 10. dxe5 Qd4 11. Qxd4 Nxd4 12. Kd1 0-0-0 13. Bd2 Nd7 14. f4 Nc5 15. b4 Ne4 16. Kc1 Ng3 17. Rg1 Nde2+ 0-1

[Event "GER-chA Seniors 26th"]
[Site "Bad Neuenahr"]
[Date "2014.08.08"]
[Round "4"]
[White "Geisensetter, Franz"]
[Black "Weidlich, Guenter"]
[Result "1/2-1/2"]
[WhiteElo "2077"]
[BlackElo "2224"]
[PlyCount "53"]
[EventDate "2014.08.05"]
[EventType "swiss"]
[EventRounds "9"]
[EventCountry "GER"]
[SourceTitle "EXT 2018"]
[Source "ChessBase"]
[SourceDate "2017.10.13"]
[SourceVersion "1"]
[SourceVersionDate "2017.10.13"]
[SourceQuality "1"]

1. e4 c6 2. d4 g6 3. Nf3 Bg7 4. Be2 d6 5. 0-0 Nd7 6. c3 Ngf6 7. Qc2 0-0 8. Bg5 d5 9. e5 Ne4 10. Be3 f6 11. exf6 exf6 12. Nfd2 f5 13. f3 Nef6 14. Re1 Re8 15. Nf1 Nf8 16. Qd2 Ne6 17. Na3 Nh5 18. Bd3 Bd7 19. Re2 f4 20. Bf2 Qf6 21. Rae1 Nc7 22. Rxe8+ Rxe8 23. Rxe8+ Nxe8 24. Qe2 Qe6 25. Qxe6+ Bxe6 26. Nc2 Bf6 27. g4 1/2-1/2

[Event "Sachsen-Anhalt-ch Seniors 22nd"]
[Site "Halberstadt"]
[Date "2014.05.30"]
[Round "6"]
[White "Micheel, Peter"]
[Black "Geisensetter, Franz"]
[Result "0-1"]
[WhiteElo "1719"]
[BlackElo "1922"]
[PlyCount "70"]
[EventDate "2014.05.25"]
[EventType "swiss"]
[EventRounds "7"]
[EventCountry "GER"]
[SourceTitle "EXT 2018"]
[Source "ChessBase"]
[SourceDate "2017.10.13"]
[SourceVersion "1"]
[SourceVersionDate "2017.10.13"]
[SourceQuality "1"]

1. e4 d5 2. exd5 Qxd5 3. Nc3 Qa5 4. d4 Nf6 5. Nf3 c6 6. Bd2 Qc7 7. Bc4 Bg4 8. h3 Bxf3 9. Qxf3 e6 10. 0-0-0 Nbd7 11. g4 Nb6 12. Bb3 0-0-0 13. Bf4 Bd6 14. Bxd6 Rxd6 15. Ne4 Nxe4 16. Qxe4 Nd5 17. Rd3 Rd7 18. Qe5 Nf4 19. Qxc7+ Kxc7 20. Rd2 Rxd4 21. Rxd4 Ne2+ 22. Kd2 Nxd4 23. Ke3 Rd8 24. c3 Nxb3 25. axb3 a6 26. f4 Rd6 27. h4 Kd7 28. g5 Ke7 29. h5 c5 30. Ra1 Rb6 31. Ra5 Kd6 32. Ra3 f5 33. c4 e5 34. Kf3 Ke6 35. fxe5 Kxe5 0-1

[Event "Sachsen-Anhalt-ch Seniors 22nd"]
[Site "Halberstadt"]
[Date "2014.05.26"]
[Round "2"]
[White "Scherf, Siegfried"]
[Black "Geisensetter, Franz"]
[Result "0-1"]
[WhiteElo "1675"]
[BlackElo "1922"]
[PlyCount "136"]
[EventDate "2014.05.25"]
[EventType "swiss"]
[EventRounds "7"]
[EventCountry "GER"]
[SourceTitle "EXT 2018"]
[Source "ChessBase"]
[SourceDate "2017.10.13"]
[SourceVersion "1"]
[SourceVersionDate "2017.10.13"]
[SourceQuality "1"]

1. d4 Nf6 2. Bg5 c6 3. Bxf6 exf6 4. c3 d5 5. e3 Bd6 6. g3 0-0 7. Bd3 Re8 8. Qc2 h6 9. Nd2 b5 10. Ngf3 Bh3 11. Bh7+ Kh8 12. Bf5 Bxf5 13. Qxf5 a5 14. 0-0 g6 15. Qh3 Kg7 16. a4 Nd7 17. axb5 cxb5 18. Ra2 Nb6 19. Rc1 Qc7 20. Qf1 Qc6 21. Rca1 a4 22. Rc1 Rec8 23. Raa1 Nc4 24. Nxc4 bxc4 25. Nd2 f5 26. Qd1 Rcb8 27. Ra2 Rb6 28. Rca1 Rba6 29. Qc1 g5 30. Qd1 Kg6 31. Kg2 h5 32. Qc2 Kf6 33. h3 Qd7 34. Rh1 h4 35. Qd1 Rh8 36. Qf3 Qe6 37. g4 Kg6 38. gxf5+ Qxf5 39. e4 Qf4 40. Qe3 Re8 41. e5 Bf8 42. Qxf4 gxf4 43. Kf3 f6 44. exf6 Kxf6 45. Rha1 Rea8 46. Rg1 Bd6 47. Rg4 Rh8 48. Kg2 Kf5 49. Kf3 Rh6 50. Ke2 Be7 51. Nf3 Rhe6+ 52. Kd2 Ke4 53. Nh2 Kf5 54. Nf3 Ke4 55. Ne5 a3 56. bxa3 Bxa3 57. f3+ Kf5 58. Kc2 Be7 59. Rxa6 Rxa6 60. Rg8 Ra2+ 61. Kb1 Rh2 62. Rg7 Bf6 63. Rf7 Rh1+ 64. Kc2 Ke6 65. Rh7 Rh2+ 66. Kd1 Bxe5 67. dxe5 Rxh3 68. Rh5 Rxf3 0-1